Città sopra o sotto l'Equatore? - Quiz n°3 - Statistics

Statistiche generali
  • Questo quiz è stato fatto 14 volte
  • Il punteggio medio è 7 su 10
Statistiche sulle risposte
Hint Risposta % Corretto
Dubai Nord dell'Equatore
100%
Managua Nord dell'Equatore
79%
Phnom Penh Nord dell'Equatore
71%
Lima Sud dell'Equatore
71%
Port Vila Sud dell'Equatore
71%
Bangui Nord dell'Equatore
64%
Lusaka Sud dell'Equatore
64%
Medellin Nord dell'Equatore
57%
Dili Sud dell'Equatore
50%
Abidjan Nord dell'Equatore
43%
Nessun quiz corrispondente trovato
Distribuzione punteggi
Percentuale di utenti per punteggio
Percentile per numero di risposta
I tuoi punteggi nel tempo
Non hai fatto questo quiz